Projekt registrácie obchodných subjektov Indikatívny program pomoci Európskej únie Slovenskej republike

Indikatívny program PHARE, ktorý sa týka vybudovania automatizovaného systému registrácie obchodných subjektov. Registrové súdy, register a komunikačné prepojenie. Potreby riešenia komunikačného prepojenia.

Saved in:
Bibliographic Details
Format: Book Chapter
Language:Slovak
Subjects:
Tags: Add Tag
No Tags, Be the first to tag this record!

MARC

LEADER 00000naa a2200000 4500
001 r022759
005 20251104123827.3
041 0 |a slo 
044 |a SK 
245 1 0 |a Projekt registrácie obchodných subjektov  |b Indikatívny program pomoci Európskej únie Slovenskej republike 
520 |a Indikatívny program PHARE, ktorý sa týka vybudovania automatizovaného systému registrácie obchodných subjektov. Registrové súdy, register a komunikačné prepojenie. Potreby riešenia komunikačného prepojenia. 
610 2 0 |a podnikanie obchodné 
610 2 0 |a právo obchodné 
610 2 0 |a technika výpočtová 
610 2 0 |a registre 
610 2 0 |a PHARE